000 01920nam a2200361Ia 4500
999 _c5193
_d5193
003 OSt
005 20200407145720.0
008 191128s2010 ck gr 001 0 spa d
020 _a9789588866239
040 _aCO-JMCR
_cCO-JMCR
041 0 _aspa
082 0 4 _a282.092 /
_2M246i
100 1 _aMelo-Guevara, Gabriel,
_eautor
_92697
245 1 0 _aLegado de Juan Pablo II el magno /
_cGabriel Melo-Guevara, Gustavo Ponce Montesinos, Wilmar Javier Medina, José de Jesús Maiguel, Pablo Álamo Hernández, María Angélica Navarro, Beatriz Liliana Irizar, Raquel Ayala Carabaio, Eduardo Mancipe Flechas, Juan Carlos Pérez Bernal, Francisco Tamayo Collins,
250 _aPrimera edición
260 _aBogotá :
_bUniversidad Sergio Arboleda
_c2010
300 _a159 páginas ;
_c24 cm.
505 _aPalabras de apertura / Rodrigo Noguera Calderón -- Palabras de vienvenida / Cardena Pedro Rubiano Sáenz -- Un testimonio personal / Rubén salazar Gómez -- Juan Pablo II : ¿Por qué el ogrande? -- Un camino hacia la luz / Gabriel Melo Guevara -- Un don y un
520 _aEl presente libro es fruto del congreso inernacional lefado de Juan Pablo II el Magno, organizado por la universidad Sergio Arboleda y la red internacional de investigación
650 1 4 _aFilosofía
_xHumanismo
_92698
650 2 4 _aFilosofía política
_92699
700 1 _aPonce Montesinos, Gustavo,
_eautor
_91179
700 1 _aMedina, Wilmar Javier,
_eautor
_91180
700 1 _aMaiguel, José de Jesús,
_eautor
_92700
700 1 _aÁlamo Hernández, Pablo,
_eautor
_92701
700 1 _aNavarro, María Angélica,
_eautor
_92702
700 1 _aIrizar, Liliana Beatriz,
_eautor
_92703
700 1 _aAyala Carabaio, Raquel,
_eautor
_92704
700 1 _aMancipe Flechas, Eduardo,
_eautor
_92705
700 1 _aPérez Bernal, Juan Carlos,
_eautor
_92706
700 1 _aTamayo Collins, Francisco,
_eautor
_92707
942 _2ddc
_cBK